<?xml version="1.0" encoding="UTF-8"?>
<record
    xmlns:xsi="http://www.w3.org/2001/XMLSchema-instance"
    xsi:schemaLocation="http://www.loc.gov/MARC21/slim http://www.loc.gov/standards/marcxml/schema/MARC21slim.xsd"
    xmlns="http://www.loc.gov/MARC21/slim">

  <leader>01528nam a22002897a 4500</leader>
  <controlfield tag="001">1409</controlfield>
  <controlfield tag="005">20231002103932.0</controlfield>
  <datafield tag="020" ind1=" " ind2=" ">
    <subfield code="a">9789924340249</subfield>
  </datafield>
  <datafield tag="040" ind1=" " ind2=" ">
    <subfield code="a">FISKH</subfield>
    <subfield code="b">eng</subfield>
    <subfield code="c">FISKH</subfield>
    <subfield code="d">FISKH</subfield>
  </datafield>
  <datafield tag="082" ind1=" " ind2=" ">
    <subfield code="a">649.122</subfield>
  </datafield>
  <datafield tag="100" ind1=" " ind2=" ">
    <subfield code="a">Somaly, Yaem </subfield>
  </datafield>
  <datafield tag="245" ind1=" " ind2=" ">
    <subfield code="a">&#x179C;&#x17B7;&#x1792;&#x17B8;&#x1785;&#x17B7;&#x1789;&#x17D2;&#x1785;&#x17B9;&#x1798;&#x1780;&#x17BC;&#x1793;&#x17B3;&#x17D2;&#x1799;&#x1794;&#x17B6;&#x1793;&#x179B;&#x17D2;&#x17A2; &#x1796;&#x17B8; &#x17E0; &#x178A;&#x179B;&#x17CB; &#x17E6;&#x1786;&#x17D2;&#x1793;&#x17B6;&#x17C6; / </subfield>
  </datafield>
  <datafield tag="250" ind1=" " ind2=" ">
    <subfield code="a">&#x1794;&#x17C4;&#x17C7;&#x1796;&#x17BB;&#x1798;&#x17D2;&#x1796;&#x179B;&#x17BE;&#x1780;&#x1791;&#x17B8; &#x17E3; &#x179F;&#x17B8;&#x17A0;&#x17B6;&#x200B; &#x17E2;&#x17E0;&#x17E2;&#x17E1;  </subfield>
  </datafield>
  <datafield tag="260" ind1=" " ind2=" ">
    <subfield code="a">Phnom Penh : </subfield>
    <subfield code="b">Sipar, </subfield>
    <subfield code="c">2021. </subfield>
  </datafield>
  <datafield tag="300" ind1=" " ind2=" ">
    <subfield code="a">44 pages : </subfield>
    <subfield code="b">color illustrations ; </subfield>
    <subfield code="c">28 cm </subfield>
  </datafield>
  <datafield tag="490" ind1=" " ind2=" ">
    <subfield code="a">&#x1794;&#x17C6;&#x1793;&#x17B7;&#x1793;&#x1787;&#x17B8;&#x179C;&#x17B7;&#x178F;</subfield>
  </datafield>
  <datafield tag="505" ind1=" " ind2=" ">
    <subfield code="a">Z' </subfield>
  </datafield>
  <datafield tag="520" ind1=" " ind2=" ">
    <subfield code="a">&#x1794;&#x1784;&#x17D2;&#x17A0;&#x17B6;&#x1789;&#x1796;&#x17B8;&#x179C;&#x17B7;&#x1792;&#x17B8;&#x179F;&#x17B6;&#x179F;&#x17D2;&#x179A;&#x17D2;&#x178F; &#x1793;&#x17B7;&#x1784; &#x1782;&#x1793;&#x17D2;&#x179B;&#x17B7;&#x17C7;&#x1784;&#x17B6;&#x1799;&#x17D7;&#x178A;&#x17BE;&#x1798;&#x17D2;&#x1794;&#x17B8;&#x1785;&#x1789;&#x17D2;&#x1785;&#x17B9;&#x1798;&#x1780;&#x17BC;&#x1793; &#x17B3;&#x17D2;&#x1799;&#x1798;&#x17B6;&#x1793;&#x179F;&#x17BB;&#x1781;&#x1797;&#x17B6;&#x1796;&#x179B;&#x17D2;&#x17A2; &#x1798;&#x17B6;&#x1793;&#x1794;&#x17D2;&#x179A;&#x17B6;&#x1787;&#x17D2;&#x1789;&#x17B6;&#x1788;&#x17D2;&#x179B;&#x17B6;&#x179F;&#x179C;&#x17C3; &#x179A;&#x1780;&#x17D2;&#x179F;&#x17B6;&#x1794;&#x17B6;&#x1793;&#x1791;&#x17C6;&#x1793;&#x17B6;&#x1780;&#x17CB;&#x1791;&#x17C6;&#x1793;&#x1784;&#x179B;&#x17D2;&#x17A2;&#x200B;&#x200B; &#x1787;&#x17B6;&#x1798;&#x17BD;&#x1799;&#x1798;&#x17D2;&#x178A;&#x17B6;&#x1799;&#x17AA;&#x1796;&#x17BB;&#x1780; &#x1793;&#x17B7;&#x1784;&#x1785;&#x17C1;&#x17C7;&#x1791;&#x1791;&#x17BD;&#x179B;&#x1781;&#x17BB;&#x179F;&#x178F;&#x17D2;&#x179A;&#x17BC;&#x179C; &#x17D4; </subfield>
  </datafield>
  <datafield tag="520" ind1=" " ind2=" ">
    <subfield code="a">Demonstrate simple methods and tips to raise healthy, intelligent children, to maintain good relationships with parents and be responsible&#x200B; child. </subfield>
  </datafield>
  <datafield tag="521" ind1=" " ind2=" ">
    <subfield code="a">1120
 </subfield>
    <subfield code="b">Lexile estimate</subfield>
  </datafield>
  <datafield tag="521" ind1=" " ind2=" ">
    <subfield code="a">Z' </subfield>
    <subfield code="b">Raz-Plus  </subfield>
  </datafield>
  <datafield tag="650" ind1=" " ind2=" ">
    <subfield code="a">&#x1782;&#x1793;&#x17D2;&#x179B;&#x17B9;&#x17C7;   </subfield>
    <subfield code="v">&#x1785;&#x1789;&#x17D2;&#x1785;&#x17B9;&#x1798;</subfield>
    <subfield code="x">&#x1791;&#x17C6;&#x1793;&#x17B6;&#x1780;&#x17CB;&#x1791;&#x17C6;&#x1793;&#x1784;</subfield>
  </datafield>
  <datafield tag="650" ind1=" " ind2=" ">
    <subfield code="a">Tips</subfield>
    <subfield code="v">Raise</subfield>
    <subfield code="x">Relation</subfield>
  </datafield>
  <datafield tag="700" ind1=" " ind2=" ">
    <subfield code="a">Koursa, Yerng </subfield>
    <subfield code="c">Author </subfield>
  </datafield>
  <datafield tag="700" ind1=" " ind2=" ">
    <subfield code="a">Rotha, Ouk </subfield>
    <subfield code="c">illustrator </subfield>
  </datafield>
  <datafield tag="942" ind1=" " ind2=" ">
    <subfield code="2">ddc</subfield>
    <subfield code="c">BK</subfield>
    <subfield code="n">0</subfield>
  </datafield>
  <datafield tag="999" ind1=" " ind2=" ">
    <subfield code="c">1409</subfield>
    <subfield code="d">1409</subfield>
  </datafield>
  <datafield tag="952" ind1=" " ind2=" ">
    <subfield code="0">0</subfield>
    <subfield code="1">0</subfield>
    <subfield code="2">ddc</subfield>
    <subfield code="4">0</subfield>
    <subfield code="7">0</subfield>
    <subfield code="8">KH</subfield>
    <subfield code="a">001</subfield>
    <subfield code="b">001</subfield>
    <subfield code="c">RHTK2</subfield>
    <subfield code="d">2023-08-24</subfield>
    <subfield code="l">0</subfield>
    <subfield code="o">SOM 649.122</subfield>
    <subfield code="p">2023-0331</subfield>
    <subfield code="r">2023-08-24 08:10:34</subfield>
    <subfield code="t">1</subfield>
    <subfield code="w">2023-08-24</subfield>
    <subfield code="y">BK</subfield>
  </datafield>
  <datafield tag="952" ind1=" " ind2=" ">
    <subfield code="0">0</subfield>
    <subfield code="1">0</subfield>
    <subfield code="2">ddc</subfield>
    <subfield code="4">0</subfield>
    <subfield code="7">0</subfield>
    <subfield code="8">KH</subfield>
    <subfield code="a">001</subfield>
    <subfield code="b">001</subfield>
    <subfield code="c">RHTK2</subfield>
    <subfield code="d">2023-08-24</subfield>
    <subfield code="l">2</subfield>
    <subfield code="o">SOM 649.122</subfield>
    <subfield code="p">2023-0332</subfield>
    <subfield code="r">2025-06-30 08:53:34</subfield>
    <subfield code="s">2025-06-30</subfield>
    <subfield code="t">2</subfield>
    <subfield code="w">2023-08-24</subfield>
    <subfield code="y">BK</subfield>
  </datafield>
</record>
